| 000 | 00383nam a22001457a 4500 | ||
|---|---|---|---|
| 999 |
_c8701 _d8701 |
||
| 003 | OSt | ||
| 008 | 200706b ||||| |||| 00| 0 eng d | ||
| 020 | _a978-9374734568 | ||
| 100 | _aN. Kumar | ||
| 245 | _aA Textbook of Pharmacognosy | ||
| 260 |
_aNew Delhi _b All India Traveller Bookseller New Delhi (2010) _c2010 |
||
| 300 | _a407 | ||
| 650 | _aPharmacognosy | ||
| 942 |
_2ddc _cBK _06 |
||